000 00329nam a22001457a 4500
008 210302b ||||| |||| 00| 0 eng d
020 _a9780324162615
041 _aeng
080 _26th
_a336
082 _a336
100 _a56
101 _aFIN
245 _aFinancial Markets and Institutions
_cMadura, J
942 _2udc
_cBK
999 _c55520
_d55520